000 00746nam a2200241Ia 4500
003 OSt
005 20220926013227.0
006 a|||||r|||| 00| 0
007 ta
008 220923b |||||||| |||| 00| 0 eng d
037 _cGeneral Book
040 _aRTL
_cRTL
_beng
041 _2eng
_aeng
082 _aX, M9
100 _aSawyer Malcolm C
_9231656
245 0 _aChallenge of radical political economy
_b An introduction to the alternatives to neo-classical economics
260 _aNew York
_bHarvester Wheatsheaf
_c1989
300 _axii+479p
_ccm.
500 _aBibliography: P 458-73; Appendix: P 453-56
650 _aEconomic Theory
942 _hX, M9
_cGB
_2CC
999 _c625503
_d625503